000 00363nab a22001097u 4500
008 130520b2007 xxu||||| |||| 00| 0 spa d
041 _aspa
100 1 _aTeixeira, Faustino
_963678
245 0 0 _aEl pluralismo religioso como nuevo paradigma para las religiones
_cFaustino Teixeira
773 0 _tConcilium
_gnº319,2007,págs. 27-38
_x0210-1041
_wRev134
942 _cAR
999 _c380466
_d380466